000 00486nam a2200133 a 4500
008 120416s1979 ||||||||||||||||| || u
050 _aHJ 1000 Zwa
100 _aZwass, Adam
245 1 0 _aMoney banking and credit in Soviet Union and Eastern Europe
260 _aLondon
_bMcMillan
_c1979
300 _ax, 233p.
350 _a0.00
995 _D0.00
_FCBU-MAIN LIBRARY (Kitwe)
_H1
_I0.00
_M1
_UAVAILABLE
_ZAnnex Low-Usage Collection
999 _c51604
_d51604